[Event "Xtracon Chess Open"]
[Site "Helsingor DEN"]
[Date "2019.07.28"]
[Round "10.77"]
[White "Khoo-Thwe, Louis"]
[Black "Sorensen, Bernhard W."]
[Result "1-0"]
[WhiteElo "1746"]
[BlackElo "1567"]
[EventDate "2019.07.20"]

1. e4 e6 2. d4 d5 3. Nd2 dxe4 4. Nxe4 Bd7 5. Nf3 Bc6 6. Bd3 Nd7 7. O-O Ngf6
8. Nxf6+ Qxf6 9. Be2 h6 10. c4 O-O-O 11. Qb3 Nb6 12. a4 Bxf3 13. Bxf3 Qxd4
14. Rd1 Qxc4 15. Rxd8+ Kxd8 16. Qxc4 Nxc4 17. Bxb7 Bd6 18. b3 Na5 19. Be4
Nxb3 20. Rb1 Nxc1 21. Rb8+ Kd7 22. Rxh8 Ne2+ 23. Kf1 Nc3 24. Bc2 a5 25. Ra8
Bb4 26. Rg8 g6 27. Rg7 Ke8 28. Rh7 h5 29. h4 e5 30. Bb3 Bd6 31. Bxf7+ Kf8
32. Bb3 Ne4 33. Ke2 Nc5 34. Bc2 Kg8 35. Bxg6 Nxa4 36. Rd7 Nb6 37. Rd8+ Kg7
38. Bb1 Be7 39. Re8 Bd6 40. Ba2 a4 41. Rg8+ Kf6 42. Rg5 a3 43. Rxh5 Na4 44.
Kd3 e4+ 45. Kc4 Nb2+ 46. Kd4 Nd1 47. g4 Nxf2 48. Rf5+ Kg6 49. Rxf2 e3 50.
Kxe3 Bc5+ 51. Kf3 Bxf2 52. Kxf2 c5 53. Kf3 Kh6 54. Kf4 Kg6 55. h5+ Kf6 56.
g5+ Kg7 57. Kf5 Kh7 58. h6 Kh8 59. g6 c4 60. Bxc4 a2 61. g7+ 1-0

[Event "Xtracon Chess Open"]
[Site "Helsingor DEN"]
[Date "2019.07.28"]
[Round "10.78"]
[White "Larsen, Preben R."]
[Black "Liabotro, Ola"]
[Result "1-0"]
[WhiteElo "1844"]
[BlackElo "2081"]
[EventDate "2019.07.20"]

1. e4 c5 2. Nf3 g6 3. d4 cxd4 4. Nxd4 Bg7 5. c3 Nc6 6. Be3 Nf6 7. f3 O-O 8.
Bc4 e6 9. O-O d5 10. Bb5 Nxd4 11. Bxd4 dxe4 12. Bc5 exf3 13. Qxf3 e5 14.
Bxf8 Qxf8 15. Na3 Be6 16. Kh1 Bd5 17. Qe2 Qc5 18. Bc4 Bc6 19. Rae1 Nd5 20.
Qf2 Qxf2 21. Rxf2 Nf4 22. Kg1 Kf8 23. Rd1 Ke7 24. Kf1 Bh6 25. g3 Nh3 26.
Rxf7+ Ke8 27. Rxh7 Ng5 28. Rxh6 Ke7 29. Bd5 Rf8+ 30. Kg2 Bd7 31. Rf1 Rd8
32. c4 Bf5 33. Rf2 Kf6 34. h4 Ne6 35. Rh7 g5 36. Rh6+ Kg7 37. Rxe6 1-0

[Event "Xtracon Chess Open"]
[Site "Helsingor DEN"]
[Date "2019.07.28"]
[Round "10.79"]
[White "Bronnum, Jan"]
[Black "Heier, Odin Nikolai"]
[Result "1-0"]
[WhiteElo "2046"]
[BlackElo "1863"]
[EventDate "2019.07.20"]

1. d4 d5 2. Bf4 Nf6 3. e3 c5 4. Nc3 a6 5. Nf3 Nc6 6. Ne5 Bf5 7. g4 Be4 8.
f3 Bg6 9. h4 cxd4 10. exd4 h5 11. Nxg6 fxg6 12. g5 Ng8 13. Bh3 Kf7 14. Qd3
e6 15. O-O-O Nge7 16. Rhe1 Nf5 17. Bxf5 exf5 18. Kb1 Bb4 19. Re3 Qd7 20.
Be5 Kg8 21. Ne2 Kh7 22. Nf4 Rhe8 23. c3 Ba5 24. Rde1 Rad8 25. Qc2 Bb6 26.
Qb3 Ba7 27. Qd1 Qf7 28. R1e2 Rg8 29. Nd3 Rge8 30. Qe1 Rg8 31. Bf4 Bb8 32.
Bxb8 Rxb8 33. Ne5 Qc7 34. Nd3 b6 35. Re6 Rbd8 36. Ne5 Nxe5 37. R6xe5 Rd7
38. Qd1 Rgd8 39. Qa4 Qb7 40. Re6 Rd6 41. Rxd6 Rxd6 42. Qe8 Qc6 43. Kc2 b5
44. Re7 Qxe8 45. Rxe8 a5 46. Kb3 Rd7 47. a4 bxa4+ 48. Kxa4 Rb7 49. b3 Rc7
50. Re3 Rb7 51. Ka3 Rc7 52. f4 Kg8 53. Ka4 Rb7 54. b4 axb4 55. cxb4 Ra7+
56. Kb5 Ra1 57. Kc6 Rf1 58. b5 Rxf4 59. b6 Rxd4 60. Rb3 1-0